00504nam a2200181Ia 450000500170000000800410001702000150005808200130007310000130008624500420009926000280014130000130016965000130018265000130019594200060020895200950021499900130030920240722062245.0240331s9999 xx 000 0 und d a0415128978 a212bFIR aFirth, R 0aReligion :ba humanist interpretation aLondonbRoutledgec1996 a243 p ., aReligion aPolitics cL 001040708LaWERCLbWERCLcSSCd2024-03-31l0o 212 FIRp2411r2024-03-31w2024-03-31yL c823d823